Central Library OPAC University of Rajshahi

Cultural policy in Kenya / (Record no. 33842)

MARC details
000 -LEADER
fixed length control field 00729nam a2200253 i 4500
001 - CONTROL NUMBER
control field 33842
003 - CONTROL NUMBER IDENTIFIER
rucl marc code BD-RjUL
005 - DATE AND TIME OF LATEST TRANSACTION
control field 20211209052052.0
008 - FIXED-LENGTH DATA ELEMENTS--GENERAL INFORMATION
fixed length control field 140511s1975 fr af i000 0 eng d
020 ## - INTERNATIONAL STANDARD BOOK NUMBER
International Standard Book Number 9231012029
035 ## - SYSTEM CONTROL NUMBER
System control number (BD-RjUL)33934
040 ## - CATALOGING SOURCE
Original cataloging agency DLC
Transcribing agency DLC
Modifying agency DLC
Language of cataloging eng
041 ## - LANGUAGE CODE
Language code of text/sound track or separate title eng
082 00 - DEWEY DECIMAL CLASSIFICATION NUMBER
Classification number 306.0296762
Author mark and year NDC 1975
100 1# - MAIN ENTRY--PERSONAL NAME
Personal name Ndeti, Kivuto.
9 (RLIN) 102775
245 10 - TITLE STATEMENT
Title Cultural policy in Kenya /
Statement of responsibility, etc. Kivuto Ndeti.
260 ## - PUBLICATION, DISTRIBUTION, ETC. (IMPRINT)
Place of publication, distribution, etc. Paris :
Name of publisher, distributor, etc. Unesco Press,
Date of publication, distribution, etc. 1975.
300 ## - PHYSICAL DESCRIPTION
Pagination 70 p., [2] leaves of plates :
Illustrations ill. ;
Size 24 cm.
651 #0 - SUBJECT ADDED ENTRY--GEOGRAPHIC NAME
Geographic name Kenya
General subdivision Cultural policy.
9 (RLIN) 102777
942 ## - ADDED ENTRY ELEMENTS (KOHA)
Source of classification or shelving scheme Dewey Decimal Classification
Koha item type Books
Holdings
Lost status Source of classification or shelving scheme Damaged status Not for loan Collection code Permanent Location Current Location Shelving location Date acquired Source of acquisition Cost, normal purchase price Total Checkouts Full call number Date last seen Copy number Koha item type
  Dewey Decimal Classification   Not For Loan Non-fiction Central Library, University of Rajshahi Central Library, University of Rajshahi Reading Room 03/12/1981 Unesco Gift 0.00   306.0296762 NDC 1975 11/05/2014 C-1 Books
  Dewey Decimal Classification     Non-fiction Central Library, University of Rajshahi Central Library, University of Rajshahi   03/12/1981 Unesco Gift 0.00   306.0296762 NDC 1975 11/05/2014 C-2 Books